| 000 -Etiqueta do registo | |
|---|---|
| campo de controlo de comprimento fixo | 00251 a2200109 4500 |
| 001 - Identificador do registo | |
| Campo de controlo | 75355 |
| 005 - Identificador da versão | |
| Campo de controlo | 20260117165658.0 |
| 100 ## - Dados Gerais de Proc. | |
| Dados gerais de processamento | 20260117 pory50 |
| 200 ## - Título | |
| Título próprio | O espelho do mar |
| Primeira menção de responsabilidade | Joseph Conrad |
| 210 ## - Publicação, Distribuição | |
| Nome do editor, distribuidor, etc. | Guerra & Paz |
| Data da publicação, distribuição, etc. | 2023 |
| 090 ## - Números de controlo do sistema (Koha) | |
| Número biblioitem do Koha (gerado automaticamente) | 75355 |
| 942 ## - Elementos de entrada adicionados (Koha) | |
| Tipo de item no Koha | Monografias |
Não há exemplares disponíveis.